Начальные представления о ветви дробного анализа порядка 3/2; Известия Томского политехнического университета [Известия ТПУ]; Т. 315, № 2: Математика и механика. Физика

Библиографические подробности
Источник:Известия Томского политехнического университета [Известия ТПУ]/ Томский политехнический университет (ТПУ).— , 2000-
Т. 315, № 2: Математика и механика. Физика.— 2009.— [С. 13-14]
Главный автор: Чуриков В. А. Виктор Анатольевич
Другие авторы: Шахматов В. М. Валерий Михайлович
Примечания:Заглавие с титульного листа
Электронная версия печатной публикации
Даны начальные представления о ветви дробного анализа порядка 3/2. Рассмотрены экспоненты, тригонометрические и гиперболические функции в дробном анализе порядка 3/2.
Язык:русский
Опубликовано: 2009
Серии:Математика и механика. Физика
Предметы:
Online-ссылка:http://www.lib.tpu.ru/fulltext/v/Bulletin_TPU/2009/v315/i2/03.pdf
Формат: MixedMaterials Электронный ресурс Статья
Запись в KOHA:https://koha.lib.tpu.ru/cgi-bin/koha/opac-detail.pl?biblionumber=176242

MARC

LEADER 00000nla2a2200000 4500
001 176242
005 20231031165240.0
035 |a (RuTPU)RU\TPU\book\191073 
035 |a RU\TPU\book\191070 
090 |a 176242 
100 |a 20100225d2009 k y0rusy50 ca 
101 0 |a rus 
102 |a RU 
135 |a drnn ---uucaa 
181 0 |a i  
182 0 |a b 
200 1 |a Начальные представления о ветви дробного анализа порядка 3/2  |b Электронный ресурс  |f В. А. Чуриков, В. М. Шахматов 
203 |a Текст  |c электронный 
215 |a 1 файл (320 Кб) 
225 1 |a Математика и механика. Физика 
230 |a Электронные текстовые данные (1 файл : 320 Кб) 
300 |a Заглавие с титульного листа 
300 |a Электронная версия печатной публикации 
320 |a [Библиогр.: с. 14 (2 назв.)] 
330 |a Даны начальные представления о ветви дробного анализа порядка 3/2. Рассмотрены экспоненты, тригонометрические и гиперболические функции в дробном анализе порядка 3/2. 
337 |a Adobe Reader 
461 1 |0 (RuTPU)RU\TPU\book\176237  |t Известия Томского политехнического университета [Известия ТПУ]  |f Томский политехнический университет (ТПУ)  |d 2000- 
463 1 |0 (RuTPU)RU\TPU\book\191065  |x 1684-8519  |t Т. 315, № 2: Математика и механика. Физика  |v [С. 13-14]  |d 2009  |p 215 с. 
610 1 |a дробный анализ 
610 1 |a ветви дробного анализа 
610 1 |a элементарные функции 
610 1 |a труды учёных ТПУ 
610 1 |a электронный ресурс 
700 1 |a Чуриков  |b В. А.  |c российский математик  |c доцент Томского политехнического университета, кандидат физико-математических наук  |f 1960-  |g Виктор Анатольевич  |2 stltpush  |3 (RuTPU)RU\TPU\pers\25597 
701 1 |a Шахматов  |b В. М.  |c математик  |c доцент Томского политехнического университета, кандидат физико-математических наук  |f 1949-  |g Валерий Михайлович  |2 stltpush  |3 (RuTPU)RU\TPU\pers\25836 
801 1 |a RU  |b 63413507  |c 20090623  |g PSBO 
801 2 |a RU  |b 63413507  |c 20211216  |g PSBO 
856 4 |u http://www.lib.tpu.ru/fulltext/v/Bulletin_TPU/2009/v315/i2/03.pdf 
942 |c CF